| 000 | 00746nam a2200229Ii 4500 | ||
|---|---|---|---|
| 003 | JO-AjNU | ||
| 008 | 230605s9999||||xx |||||||||||||| ||und|| | ||
| 017 | _a2005/1/67 | ||
| 020 | _a9957-24-208-3 | ||
| 040 |
_aJO-AjNU _bara _erda _cJO-AjNU |
||
| 041 | _aara | ||
| 050 | 1 | 4 | _aPJ7820.A49.Z54 2005 |
| 100 | 3 |
_aتأليف بني عامر،عاصم "محمد أمين", _eauthor _924089 |
|
| 245 | 0 | 0 | _aلغة التضاد في شعر أمل دنقل |
| 250 | _aط1 | ||
| 264 | 3 | 1 | _aعمان:دار صفاء للنشر والتوزيع،2005 |
| 300 | _a175ص | ||
| 336 |
_atext _btxt _2rdacontent |
||
| 337 |
_aunmediated _bn _2rdamedia |
||
| 338 |
_avolume _bnc _2rdacarrier |
||
| 650 | 4 |
_aالشعر العربي - تاريخ ونقد _924090 |
|
| 999 |
_aA8816 _c12384 _d12384 |
||